000 00695nam a2200301Ia 4500
005 20260401122418.0
008 008 250103s9999 xx 000 0 eng d
020 _a9780415802925
037 _aTB
040 _aEDL
040 _beng
040 _cEDL
041 _2eng
041 _aeng
084 _a813.5409113 EBB
084 _qEDL
100 _aEbbesen, Jeffrey
_91233536
245 0 _aPostmodernism and Its Others: Fiction of Ishmael Red
245 0 _cEbbesen, Jeffrey
260 _aNewyork
260 _bRoutlege
260 _c2005
300 _a250p
942 _cTB
942 _h813.5409113 EBB
999 _c1847107
_d1847107